Loading...

SABDIKKATHA STHREE

Bibliographic Details
Main Author: KANAM,E.J
Format: Printed Book
Published: Thrissur CURRENT BOOKS 1973
Subjects:
LEADER 00460nam a2200169 4500
020
082 |a 894.812 3 KAN 
100 |a KANAM,E.J. 
245 |a SABDIKKATHA STHREE  |h MALAYALAM 
250
260 |a Thrissur  |b CURRENT BOOKS  |c 1973 
300 |a 220 p  |f PB 
650 |a SABDIKKATHA STHREE 
700
942 |c TB 
999 |c 153950  |d 153950 
952 |0 0  |1 0  |4 0  |6 894_812000000000000_3_KAN  |7 0  |9 167407  |a ORI  |b ORI  |l 0  |o 894.812 3 KAN  |p ORI2294  |r 2019-10-25  |w 2019-10-25  |y TB